ARRUPE JESUIT UNIVERSITY

CORONAVIRUS -STOP THE SPREAD - CLEAN,DISINFECT,COVER

The Red badge of courage (Record no. 119668)

MARC details
000 -LEADER
fixed length control field 00424nam a22001457a 4500
008 - FIXED-LENGTH DATA ELEMENTS--GENERAL INFORMATION
fixed length control field 140123b xxu||||| |||| 00| 0 eng d
050 ## - LIBRARY OF CONGRESS CALL NUMBER
Classification number PZ3A.C852R14
100 ## - MAIN ENTRY--PERSONAL NAME
Personal name Crane, Stephen
9 (RLIN) 6989
245 ## - TITLE STATEMENT
Title The Red badge of courage
260 ## - PUBLICATION, DISTRIBUTION, ETC. (IMPRINT)
Place of publication, distribution, etc London
Name of publisher, distributor, etc Folio Society
Date of publication, distribution, etc 1951
300 ## - PHYSICAL DESCRIPTION
Extent 159p.
Dimensions 22cm
650 ## - SUBJECT ADDED ENTRY--TOPICAL TERM
Topical term or geographic name as entry element United States - Civil war - Fiction
9 (RLIN) 6990
700 ## - ADDED ENTRY--PERSONAL NAME
Personal name Winterich, John T. (ed)
9 (RLIN) 6991
942 ## - ADDED ENTRY ELEMENTS (KOHA)
Source of classification or shelving scheme Library of Congress Classification
Item type Monograph ( Printed materials)
Holdings
Withdrawn status Lost status Source of classification or shelving scheme Damaged status Not for loan Home library Current library Date acquired Total Checkouts Full call number Barcode Date last seen Price effective from Koha item type
    Library of Congress Classification     ARRUPE LIBRARY ARRUPE LIBRARY 23/01/2014   PZ3A.C852R14 464122491 02/07/2019 23/01/2014 Monograph ( Printed materials)

 

Arrupe Library. PO Box MP320 Mt Pleasant, Harare, Zimbabwe
263 242 745411|librarian@aju.ac.zw